Normal view
MARC view
- سيرة نبوية-غزوات وفتوحات
Entry Topical Term
001 - CONTROL NUMBER
- control field: 16681
003 - CONTROL NUMBER IDENTIFIER
- control field: JO-AjAnu
005 - DATE AND TIME OF LATEST TRANSACTION
- control field: 20230606072947.0
008 - FIXED-LENGTH DATA ELEMENTS
- fixed length control field: 230606|| aca||aabn | a|a d
040 ## - CATALOGING SOURCE
- Original cataloging agency: JO-AjAnu
- Transcribing agency: JO-AjAnu
150 ## - HEADING--TOPICAL TERM
- Topical term or geographic name entry element: سيرة نبوية-غزوات وفتوحات
670 ## - SOURCE DATA FOUND
- Source citation: Work cat.: (JO-AjAnu)8565: حبشي،حسن, author 16680, سرايا الرسول صلى الله عليه وسلم